Reading games : A collection of reading games and activities for intermediate to advanced students of English
Wedi'i Gadw mewn:
| Prif Awdur: | |
|---|---|
| Fformat: | Llyfr |
| Iaith: | Undetermined |
| Cyhoeddwyd: |
Harlow, Eng
Pearson Education
2004
|
| Pynciau: | |
| Tagiau: |
Ychwanegu Tag
Dim Tagiau, Byddwch y cyntaf i dagio'r cofnod hwn!
|
| Thư viện lưu trữ: | Trung tâm Học liệu Trường Đại học Cần Thơ |
|---|
| LEADER | 00658nam a2200217Ia 4500 | ||
|---|---|---|---|
| 001 | CTU_74592 | ||
| 008 | 210402s9999 xx 000 0 und d | ||
| 020 | |b 544000 | ||
| 082 | |a 428.24 | ||
| 082 | |b H129r | ||
| 100 | |a Hadfield, Jill | ||
| 245 | 0 | |a Reading games : | |
| 245 | 2 | |b A collection of reading games and activities for intermediate to advanced students of English | |
| 245 | 0 | |c Jill Hadfield, Charlesl Hadfield | |
| 260 | |a Harlow, Eng | ||
| 260 | |b Pearson Education | ||
| 260 | |c 2004 | ||
| 650 | |a English language | ||
| 650 | |x Textbooks for foreign speakers | ||
| 904 | |i Minh | ||
| 980 | |a Trung tâm Học liệu Trường Đại học Cần Thơ | ||